000 01188nam a22002177a 4500
003 OSt
005 20260511100033.0
008 260511b |||||||| |||| 00| 0 eng d
020 _a9781035044856
040 _aKenya National Library Service
082 _a813.6 LIN
100 _aLinde, K. A.
245 _aThe Wren in the holly library /
_cK. A. Linde.
300 _a381 pages :
_c24 cm
520 _aThe Wren in the Holly Library follows Kierse, a skilled thief surviving in a dangerous world where monsters secretly exist alongside humans in New York City. After breaking into the mysterious Holly Library, she is caught by Graves a powerful and feared monster hunter. Instead of killing her, he offers her a dangerous bargain that pulls her into a hidden world of magic, ancient secrets, and deadly creatures. As Kierse becomes entangled in supernatural conflicts and unexpected romance, she must decide who she can trust while fighting to survive in a world far darker than she imagined.
650 _aMonsters -- Fiction
650 _aLibraries -- Fiction
942 _2ddc
_cBK
_n0
999 _c492647
_d492647